00976nam a22002057a 45000010005000000030006000050050017000110080041000280200018000690400029000870500015001160820010001311000021001412450103001622600043002653000044003085200359003526500031007117000028007425796FISKH20250122160831.0250122b cb ||||| |||| 00| 0 eng d a9781880892817 aFISKHbengcFISKHdFISKH aLB1575.587 a372.4 aStrayer, Debbie  aLearning language arts through literature :bThe blue book /cBy Debbie Strayer and Susan Simpson  aMelrose :bCommon Sense Press ,c1998. a194 pages : billustrations ;c28 cm .  aEasy to use format - bigger, better, and more complete. Contains book studies, spelling word lists and instructions, reviews and assessments. Integrates all the language arts skills: Reading, spelling, grammar, higher-order reasoning skills and creative writing. Teacher notes are right in the margin. Based upon the teaching ideas of Dr. Ruth Beechick." alanguage artsvnon-fiction aSimpson, Susaneauthor